000 006430000a22001930004500
001 768714001
003 CO-MdFUSB
005 20170616124419.0
008 170616s1987 ag ||||| |||| 00| 0 spa d
022 _a0122-2996
040 _aCO-MdFUSB
_bspa
_cCO-MdFUSB
_dCO-MdFUSB
041 _aspa
100 1 _aPadilla J., Washington
_eautor
245 1 0 _aEl protestantismo en el Ecuador :
_bbreve reseña histórica
300 _aVolumen 19. Número 27 (1987), Páginas 135-194
_c22 cm.
546 _aTexto en español
773 0 _tBoletín Teológico
_049507
_961476
_gVolumen 19. Número 27 (1987), Páginas 135-194
_qPágina 135
942 _cANA
999 _c59670
_d59670